02029cam a22005294i 4500003000900000005001700009008004100026020001500067020001800082035002000100040003300120049000900153082001500162100003300177245011100210250001900321264003200340300005600372336002100428337002500449338002300474504004700497505027100544526001000815526001000825526000900835526000900844526000900853526000900862526000900871526000900880526000800889526000800897526000800905526000800913526000800921526000800929526000800937526000800945910002800953942001400981949011800995596000601113999015201119980005501271952017301326PE-LiUPU20250731180100.0160913s r 000 0 spa d a9875913340 a9789875913349 a(Sirsi) a163427 aPE-LiUPUbspacPE-LiUPUerda aPRUA04a570.7bC851 aBarrón, Margarita,eautor. aCrecimiento y desarrollo de la biología a la educación y la salud /cMargarita Barrón [y otros mas]. a1° Edición. aCórdoba :bBrujas,c2012. a284 ´paginas :bIlustraciones ;c24 centímetros. atext2rdacontent aunmediated2rdamedia avolume2rdacarrier aBibliogafía al final de cada capítulo.0 aComprendiendo el proceso del desarrollo -- La familia, algo más que un entorno -- Derechos humanos: un enfoque integral -- Herencia y ambiente -- El recién nacido -- Las adolescencias o el fin de los singualres -- El adulto -- Generando proyectos participativos. aSEG44 aSEG26 aP159 aP155 aP154 aP153 aP150 aP100 aP31 aP30 aP26 aP25 aP24 aP22 aP15 aP10 ajckbncfcncfd20160913 2ddccBOOK a570.7 C58wDEWEYi69175lCCODEBUL1mBULr0sYtBOOKu2016-09-13xINGINIERIAz0AMBIENTALo.STAFF. Colección FIA a1 a570.7 C58wDEWEYc12305i69145f2021-11-9g7lCCODEBUL1mBULp10.00r0sNtBOOKu2016-9-13xINGENIERIAPP240COMPRAo.STAFF. Colección FIAd12305 81gALBERTO SANCHEZ Responsable de Automatización r2025-12-02 00:00:00i8l0o570.7 C58p69145te1v15.00w2016-09-13xFACIHEDyBKzinventario-2023-12-13102ddc50708GENfP10aBULbBULcGENd2016-09-13eCOMPRAg10.00